Chūsei ni okeru toshi no kenkyū /
Saved in:
| Main Author: | |
|---|---|
| Format: | Book |
| Language: | Japanese |
| Published: |
Tōkyō :
Dai Nihon Yūbenkai Kōdansha,
Shōwa 17 [1942]
|
| Subjects: | |
| Tags: |
Add Tag
No Tags, Be the first to tag this record!
|
| LEADER | 00832nam a2200229ui 4500 | ||
|---|---|---|---|
| 001 | 007739082-2 | ||
| 005 | 20024617122053.0 | ||
| 008 | 980316s1942 ja a 001 0 jpn d | ||
| 035 | 0 | |a ocm38730348 | |
| 040 | |a *YNH* |c *YNH* |d CStRLIN | ||
| 100 | 1 | |6 880-01 |a Harada, Tomohiko, |d 1917-1983. | |
| 245 | 1 | 0 | |6 880-02 |a Chūsei ni okeru toshi no kenkyū / |c Harada Tomohiko cho. |
| 260 | |6 880-03 |a Tōkyō : |b Dai Nihon Yūbenkai Kōdansha, |c Shōwa 17 [1942] | ||
| 300 | |a 284 p. : |b ill. ; |c 22 cm. | ||
| 500 | |a Includes index. | ||
| 650 | 0 | |a Cities and towns, Medieval. | |
| 650 | 0 | |a Cities and towns |z Japan |x History. | |
| 880 | 1 | |6 100-01 |a 原田伴彥, |d 1917- | |
| 880 | 1 | 0 | |6 245-02 |a 中世における都市の研究 / |c 原田伴彥著. |
| 880 | |6 260-03 |a 東京 : |b 大日本雄辯會講談社, |c 昭和17 [1942] | ||
| 988 | |a 20021221 | ||
| 906 | |0 MH | ||


